| 000 | 00736nam a22001337a 4500 | ||
|---|---|---|---|
| 008 | 110615t xxu||||| |||| 00| 0 eng d | ||
| 010 | _aCACAF45 | ||
| 245 | _aCourt of Appeal Criminal Appeal No.100 of 2000 Adukule Natal vs Uganda | ||
| 260 | _c2000 | ||
| 500 | _aCORAM: HON. MR JUSTICE G.M OKELLO, .JA HON .LADY JUSTICE A.E.N. MPAAGI-BAHIGEIN, JA HON JUSTICE C.N.B.KITUMBA, JA | ||
| 500 | _aAn Appeal from the judgment of the High Court Kania J at Arua dated 24-10-2000 in Criminal Session Case No.30 of 2000 | ||
| 999 |
_c2994 _d2994 |
||